000 00428nam a22001697a 4500
005 20180719152345.0
008 160526b xxu||||| |||| 00| 0 eng d
020 _a981-243-665-0
041 _aeng
082 _b5345
_a658.155
100 _aBell, David E. & Schleifer, JR Arthur
_94568
245 _aRisk Management
260 _aNew Delhi
_bAcademic Faundation
300 _a250p,
650 _aManagement
_9241
942 _cBK
999 _c1889
_d1888